书目信息 |
| 题名: |
心理与教育测量
|
|
| 作者: | 郑日昌 主编 | |
| 分册: | ||
| 出版信息: | 北京 人民教育出版社 2015 |
|
| 页数: | 500页 | |
| 开本: | 23cm | |
| 丛书名: | ||
| 单 册: | ||
| 中图分类: | B841.7 , G449 | |
| 科图分类: | ||
| 主题词: | 心理测量学--xin li ce liang xue--高等教育--教材 , 教育测验--jiao yu ce yan--高等教育--教材 | |
| 电子资源: | ||
| ISBN: | 978-7-107-29774-8 | |
| 000 | 00996nam0 22002771 450 | |
| 001 | 0118172019 | |
| 005 | 20170619154643.48 | |
| 010 | @a978-7-107-29774-8@dCNY49.90 | |
| 100 | @a20160520d2015 em y0chiy50 ea | |
| 101 | 0 | @achi |
| 102 | @aCN@b110000 | |
| 105 | @aa z 000yy | |
| 106 | @ar | |
| 200 | 1 | @a心理与教育测量@Axin li yu jiao yu ce liang@f郑日昌主编 |
| 205 | @a3版 | |
| 210 | @a北京@c人民教育出版社@d2015 | |
| 215 | @a500页@c图@d23cm | |
| 300 | @a“十二五”普通高等教育本科国家级规划教材 | |
| 330 | @a本书由心理与教育测量的理论、心理与教育测验的编制与使用技术、常用的心理与教育测验介绍三大部分组成,既注意基本理论、基本原理的准确阐述,又强调测验编制与使用的基本技能训练。 | |
| 606 | 0 | @a心理测量学@Axin li ce liang xue@x高等教育@j教材 |
| 606 | 0 | @a教育测验@Ajiao yu ce yan@x高等教育@j教材 |
| 690 | @aB841.7@v5 | |
| 690 | @aG449@v5 | |
| 701 | 0 | @c(满)@a郑日昌@Azheng ri chang@f(1944~)@4主编 |
| 801 | 0 | @aCN@bTANGWEI@c20170608 |
| 905 | @b1008021-6@dB841.7@e1822=3@f6 | |
| 心理与教育测量/郑日昌主编 .-3版.-北京:人民教育出版社,2015 |
| 500页:图;23cm |
| “十二五”普通高等教育本科国家级规划教材 |
| ISBN 978-7-107-29774-8:CNY49.90 |
| 本书由心理与教育测量的理论、心理与教育测验的编制与使用技术、常用的心理与教育测验介绍三大部分组成,既注意基本理论、基本原理的准确阐述,又强调测验编制与使用的基本技能训练。 |
| ● |
| 相关链接 |
|
|
|
|
正题名:心理与教育测量
索取号:B841.7/1822=3
 
预约/预借
| 序号 | 登录号 | 条形码 | 馆藏地/架位号 | 状态 | 备注 |
| 1 | 1008021 | 210080213 | 第一样本阅览室/ [索取号:B841.7/1822=3] | 在馆 | |
| 2 | 1008022 | 210080222 | 教育系资料室/ [索取号:B841.7/1822=3] | 在馆 | |
| 3 | 1008023 | 210080231 | 教育系资料室/ [索取号:B841.7/1822=3] | 在馆 | |
| 4 | 1008024 | 210080240 | 教育系资料室/ [索取号:B841.7/1822=3] | 在馆 | |
| 5 | 1008025 | 210080259 | 第一借阅区/ [索取号:B841.7/1822=3] | 在馆 | |
| 6 | 1008026 | 210080268 | 第一借阅区/ [索取号:B841.7/1822=3] | 在馆 |